| 000 | 00924nam a22002657a 4500 | ||
|---|---|---|---|
| 005 | 20170123162333.0 | ||
| 010 | _a994547 | ||
| 020 | _c11.25 | ||
| 035 | _a994547 | ||
| 037 | _bCen Lib/Ret | ||
| 040 |
_aDPL _bUR |
||
| 082 |
_aک _bپ ٹ ن |
||
| 100 |
_aپٹنایک، پٹھانی _9111779 |
||
| 245 |
_aاُڑُیا افسانے / _cپٹھانی پٹنایک ؛ مرتجم مظفر حنفی |
||
| 246 |
_aOriya afsane / _bby Pathani Patnaayak; translated by Muzaffar Hanfi |
||
| 260 |
_aنیی دہلی _bنیشنل بک ٹرسٹ انڈیا _c1980 |
||
| 270 |
_aA/٥،گرین پارک _bنیی دہلی _e110016 |
||
| 300 |
_a236p. _c21cm(Hb) |
||
| 650 |
_a ادب - اُڑُیا _9122703 |
||
| 650 |
_a اُڑُیا کہانیاں _9111697 |
||
| 650 |
_aLiterature -- Oriya _9118641 |
||
| 650 |
_aOriya stories _9122704 |
||
| 700 |
_aمظفر حنفی _9122705 |
||
| 942 |
_2ddc _cUR _hک _mپ ٹ ن |
||
| 999 |
_c107937 _d107937 |
||